Statistics for Every MLB Team's Most Recent Cy Young

Click here to take the quiz!

General Stats

  • This quiz has been taken 13 times
  • The average score is 21 of 26

Answer Stats

Answer% Correct
Blake Snell
100%
Clayton Kershaw
100%
Corbin Burnes
100%
Félix Hernández
100%
Gerrit Cole
100%
Jacob deGrom
100%
Justin Verlander
100%
Max Scherzer
100%
Sandy Alcántara
100%
Shane Bieber
100%
Roy Halladay
92%
Tim Lincecum
92%
Tom Glavine
92%
Zack Greinke
92%
Jake Arrieta
83%
Johan Santana
83%
Trevor Bauer
83%
Robbie Ray
75%
Barry Zito
67%
Rick Porcello
67%
Chris Carpenter
58%
Brandon Webb
50%
Bartolo Colón
42%
Jack McDowell
33%
Doug Drabek
25%
Steve Stone
25%

Score Distribution

Percentile by Number Answered

Percent of People with Each Score

Your Score History

You have not taken this quiz